Регионална библиотека "Любен Каравелов" - Русе

Котките са страхотни, но... (Запис номер 505939)

MARC детайли
000 -Лидер
Лидер 01419nam a2200325 a 4500
003 - Код на организацията, давaща контролен номер
Код на организацията, даваща контролен номер BLK
005 - Дата и час на последна редакция
Дата и час на последна редакция 20250502114418.0
008 - Елементи от данни с фиксирана дължина
Елементи с фиксирана дължина 200810b bu |||||r|||| 00| 0 bu d
020 ## - Международен стандартен номер на книга ISBN
ISBN 9786192432652
040 ## - Източник на каталожния запис
Код на библиотеката BLK
041 ## - Код за език
Език Български
Език за КДБФ Български
080 ## - УДК
УДК текст Котки
УДК код 636.8
УДК – код + определител 636.8:087.5
9 (RLIN) 233791
080 ## - УДК
УДК текст Издания за деца и юноши. Книжки-картинки. Читанки. Вж и 372.4
УДК код 087.5
УДК – код + определител 087.5
9 (RLIN) 231478
100 ## - Редна дума - Автор
Автор Секанинова, Щепанка
R(LIN) 425708
245 ## - Сведения за заглавието
Заглавие Котките са страхотни, но...
Авторска отговорност Щепанка Секанинова ; ил. Адам Улф ; прев. от англ. Анета Пантелеева
260 ## - Област на издателските данни
9 (RLIN) 209461
Място на издаване София
Име на издателя Прозорец
Година на издаване 2023
Издателство - префикс ISBN 978-954-733- ; 954-8079-
300 ## - Физическа характеристика
Брой страници 40 с.
Илюстрации с цв. ил.
Размер 27 см
380 ## - Жанр
Жанр Детска отраслова лит.
500 ## - Общи забележки
Обща забележка Ориг. загл.: Cats are great but... / Stepanka Sekaninova
650 #7 - Допълнително описание по предмет – тема
9 (RLIN) 159579
Предметна рубрика Котки
650 #0 - Допълнително описание по предмет – тема
9 (RLIN) 243025
Предметна рубрика Детска и юношеска литература
700 ## - Други автори (авторска отговорност)
9 (RLIN) 491617
Друг автор Улф, Адам
700 ## - Други автори (авторска отговорност)
9 (RLIN) 389684
Друг автор Пантелеева, Анета Димитрова
852 ## - Местоположение
Сигнатура (форматна) Цб ІІ 32681
Отдел Хранилище
852 ## - Местоположение
Отдел Детски отдел
Систематично-азбучна сигнатура ДН 636/639/С 31 Щ
942 ## - АРТИКУЛИ
Вид на библиотечния документ Книги
Скрит в OPAC Не
Koha issues (borrowed), all copies 8
944 ## - СЪЗДАВАНЕ И РЕДАКЦИЯ на ЗАПИСА
Дата на регистрацията/редакция Кети Илиева
Служител, извършил регистрацията/редакцията 30551
Номер на служител Бояна Костадинова
944 ## - СЪЗДАВАНЕ И РЕДАКЦИЯ на ЗАПИСА
Дата на регистрацията/редакция 2025-01-15
Служител, извършил регистрацията/редакцията М.Я.
Създаване/Редакция Редакция
999 ## - СИСТЕМНИ КОНТРОЛНИ НОМЕРА
Koha biblionumber 505939
Koha biblioitemnumber 505939
Наличности
Код за отписване Код за изгубен артикул Източник на класификационната схема Код за повреда Коз за рестрикции Код за отдаване Артикулен № Име на библиотеката - собственик Име на библиотеката, в която се намира в момента Статус (Текущо местоположение) Дата на вписване в системата Местоположение - отдел Цена в лева Инвентарен номер Систематично азбучна сигнатура Баркод Цена в евро Служебен тип на артикула
  Не е изгубен Universal Decimal Classification Не е повреден само за читалня ползва се в читалня 941399 Регионална библиотека "Любен Каравелов" Русе Регионална библиотека "Любен Каравелов" Русе Хранилище 2024-03-18 Хранилище 20.00 120000900416 Цб ІІ 32681 120000900416 10.23 Книги
  Не е изгубен Universal Decimal Classification Не е повреден   заемане за дома 958232 Регионална библиотека "Любен Каравелов" Русе Регионална библиотека "Любен Каравелов" Русе Детски отдел 2025-01-15 Детски отдел 13.00 120000916825 ДН 636/639/С 31 Щ 120000916825 6.65 Книги
  Не е изгубен Universal Decimal Classification Не е повреден   заемане за дома 958233 Регионална библиотека "Любен Каравелов" Русе Регионална библиотека "Любен Каравелов" Русе Детски отдел 2025-01-15 Детски отдел 13.00 120000916826 ДН 636/639/С 31 Щ 120000916826 6.65 Книги
Vip Innovations Ltd, Rousse, Bulgaria 2025